000 00314pab a2200145 454500
008 180718b1989 xxu||||| |||| 00| 0 eng d
100 _aSingh, S.N.
245 _aTeachers as workmen
260 _c1989
300 _a1-8
362 _a3 July
650 _aTeachers
773 _aUniversity News
909 _a19754
999 _c19754
_d19754